О звездах

Détails bibliographiques
Auteur principal: Урысон А. В. Анна Владимировна
Résumé:Компактное пособие о важнейших объектах окружающего мира создано действующим астрофизиком. В нем читатель найдет удивительный сплав научно-популярного изложения и учебного материала, отражающего важнейшие достижения XX и XXI века. Развитие физики и техники позволило сделать кардинальные открытия в наблюдательной астрономии, изменившие представления о Вселенной и давшие мощный импульс для самой физики. Книга написана великолепным языком, ясно и доходчиво, на уровне лучших образцов отечественной научно-популярной литературы. Для аудитории от школьников до студентов и взрослых, занимающихся самообразованием.
Langue:russe
Publié: Долгопрудный, Интеллект, 2018
Collection:Мои первые книги по астрономии
Sujets:
Format: Livre
KOHA link:https://koha.lib.tpu.ru/cgi-bin/koha/opac-detail.pl?biblionumber=343697

MARC

LEADER 00000nam0a2200000 4500
001 343697
005 20231102005603.0
010 |a 9785915592277 
035 |a (RuTPU)RU\TPU\book\374122 
090 |a 343697 
100 |a 20191014d2018 km y0rusy50 ca 
101 0 |a rus 
102 |a RU 
105 |a a z 000zy 
200 1 |a О звездах  |f А. В. Урысон 
210 |a Долгопрудный  |c Интеллект  |d 2018 
215 |a 112 с.  |c ил. 
225 1 |a Мои первые книги по астрономии 
330 |a Компактное пособие о важнейших объектах окружающего мира создано действующим астрофизиком. В нем читатель найдет удивительный сплав научно-популярного изложения и учебного материала, отражающего важнейшие достижения XX и XXI века. Развитие физики и техники позволило сделать кардинальные открытия в наблюдательной астрономии, изменившие представления о Вселенной и давшие мощный импульс для самой физики. Книга написана великолепным языком, ясно и доходчиво, на уровне лучших образцов отечественной научно-популярной литературы. Для аудитории от школьников до студентов и взрослых, занимающихся самообразованием. 
606 1 |a Звезды  |2 stltpush  |3 (RuTPU)RU\TPU\subj\11456  |9 38388 
610 1 |a звездное небо 
610 1 |a астрономические исследования 
610 1 |a классификация 
610 1 |a происхождение 
610 1 |a переменные звезды 
610 1 |a белые карлики 
610 1 |a нейтронные звезды 
610 1 |a черные дыры 
610 1 |a нейтрино 
610 1 |a диаграмма Герцшпрунга-Ресселла 
610 1 |a микролинзирование 
610 1 |a туманности 
610 1 |a планеты 
610 1 |a экзопланеты 
675 |a 524.3  |v 4 
700 1 |a Урысон  |b А. В.  |g Анна Владимировна 
801 1 |a RU  |b 63413507  |c 20191014 
801 2 |a RU  |b 63413507  |c 20191028  |g RCR 
942 |c BK